Statistics for FIFA World Cup Top 4 Positions in Order

Click here to take the quiz!

General Stats

  • This quiz has been taken 73 times
    (29 since last reset)
  • The average score is 46 of 84

Answer Stats

Year + PlaceCountry% Correct
2018 FirstFrance
100%
2014 SecondArgentina
95%
2018 ThirdBelgium
95%
2014 FirstGermany
95%
2018 SecondCroatia
89%
2018 FourthEngland
89%
2006 FirstItaly
89%
2010 SecondNetherlands
89%
2010 FirstSpain
89%
1994 FirstBrazil
84%
1998 FirstFrance
84%
2014 ThirdNetherlands
84%
1986 FirstArgentina
79%
1998 SecondBrazil
79%
2014 FourthBrazil
79%
2002 FirstBrazil
79%
2006 SecondFrance
79%
2002 SecondGermany
79%
2010 ThirdGermany
79%
2006 ThirdGermany
74%
1982 FirstItaly
74%
1994 SecondItaly
74%
1978 FirstArgentina
68%
1990 SecondArgentina
68%
1962 FirstBrazil
68%
1966 FirstEngland
68%
1934 FirstItaly
68%
1938 FirstItaly
68%
2002 FourthSouth Korea
68%
1950 FirstUruguay
68%
1930 FirstUruguay
68%
2010 FourthUruguay
68%
1990 FirstWest Germany
68%
1970 FirstBrazil
63%
1958 FirstBrazil
63%
2006 FourthPortugal
63%
2002 ThirdTurkey
63%
1986 SecondWest Germany
63%
1974 FirstWest Germany
63%
1982 SecondWest Germany
63%
1930 SecondArgentina
58%
1990 ThirdItaly
58%
1954 FirstWest Germany
58%
1950 SecondBrazil
53%
1978 SecondNetherlands
53%
1966 SecondWest Germany
53%
1994 FourthBulgaria
47%
1998 ThirdCroatia
47%
1954 SecondHungary
47%
1974 SecondNetherlands
47%
1994 ThirdSweden
47%
1978 ThirdBrazil
42%
1982 FourthFrance
42%
1970 SecondItaly
42%
1982 ThirdPoland
42%
1958 SecondSweden
42%
1930 ThirdUnited States
42%
1970 ThirdWest Germany
42%
1962 SecondCzechoslovakia
37%
1990 FourthEngland
37%
1986 ThirdFrance
37%
1998 FourthNetherlands
37%
1930 FourthYugoslavia
37%
1986 FourthBelgium
32%
1974 FourthBrazil
32%
1934 SecondCzechoslovakia
32%
1958 ThirdFrance
32%
1978 FourthItaly
32%
1974 ThirdPoland
32%
1966 ThirdPortugal
32%
1966 FourthSoviet Union
32%
1954 ThirdAustria
26%
1962 ThirdChile
26%
1934 ThirdGermany
26%
1938 SecondHungary
26%
1970 FourthUruguay
26%
1962 FourthYugoslavia
26%
1934 FourthAustria
21%
1938 ThirdBrazil
21%
1950 FourthSpain
21%
1958 FourthWest Germany
21%
1950 ThirdSweden
16%
1954 FourthUruguay
16%
1938 FourthSweden
11%

Score Distribution

Percentile by Number Answered

Percent of People with Each Score

Your Score History

You have not taken this quiz since the last reset